Th-PhD-Association study of type 1 diabetes risk Loci and shared genetic link with Rheumatoid Arthritis in Pakistani Patients. (Record no. 330441)
[ view plain ]
| 000 -LEADER | |
|---|---|
| fixed length control field | nam a22 7a 4500 |
| 003 - CONTROL NUMBER IDENTIFIER | |
| control field | ASAB |
| 005 - DATE AND TIME OF LATEST TRANSACTION | |
| control field | 20170712165727.0 |
| 008 - FIXED-LENGTH DATA ELEMENTS--GENERAL INFORMATION | |
| fixed length control field | 170712b xxu||||| |||| 00| 0 eng d |
| 040 ## - CATALOGING SOURCE | |
| Transcribing agency | ASAB |
| 082 ## - DEWEY DECIMAL CLASSIFICATION NUMBER | |
| Classification number | Thesis 2016 AKK |
| 100 ## - MAIN ENTRY--PERSONAL NAME | |
| Personal name | Aysha Karim Kiani |
| 9 (RLIN) | 3261 |
| 245 ## - TITLE STATEMENT | |
| Title | Th-PhD-Association study of type 1 diabetes risk Loci and shared genetic link with Rheumatoid Arthritis in Pakistani Patients. |
| Statement of responsibility, etc. | Aysha Karim Kiani-sup-Dr. Peter John. |
| 260 ## - PUBLICATION, DISTRIBUTION, ETC. | |
| Place of publication, distribution, etc. | Islamabad. |
| Name of publisher, distributor, etc. | Atta Ur Rahman School of Applied Biosciences NUST. |
| Date of publication, distribution, etc. | 2016. |
| 300 ## - PHYSICAL DESCRIPTION | |
| Extent | 231 P. |
| 630 ## - SUBJECT ADDED ENTRY--UNIFORM TITLE | |
| Uniform title | Rheumatoid Arthritis. |
| 9 (RLIN) | 3226 |
| 942 ## - ADDED ENTRY ELEMENTS (KOHA) | |
| Source of classification or shelving scheme | |
| Koha item type | |
| Withdrawn status | Lost status | Source of classification or shelving scheme | Damaged status | Not for loan | Collection code | Permanent Location | Current Location | Date acquired | Total Checkouts | Full call number | Barcode | Date last seen | Price effective from | Koha item type |
|---|---|---|---|---|---|---|---|---|---|---|---|---|---|---|
| Atta-ur-Rahman School of Applied Biosciences (ASAB) | Atta-ur-Rahman School of Applied Biosciences (ASAB) | 07/12/2017 | Thesis 2016 AKK | ASABPHD21 | 07/12/2017 | 07/12/2017 | Thesis |
